La nueva sociedad: anatomía del orden industrial
Saved in:
| Hovedforfatter: | |
|---|---|
| Format: | Bog |
| Sprog: | spansk |
| Udgivet: |
Buenos Aires
Sudamericana
1977
|
| Udgivelse: | 3a. ed |
| Fag: | |
| Tags: |
Tilføj Tag
Ingen Tags, Vær først til at tagge denne postø!
|
MARC
| LEADER | 00000cam a2200000 a 4500 | ||
|---|---|---|---|
| 001 | UCR9486 | ||
| 003 | CL-VaPUC | ||
| 008 | 980613e19770000AG |||||||||||||||||spa|d | ||
| 082 | 0 | 4 | |a 338.9 |b DRU |2 21 |
| 100 | 0 | |a Drucker, Peter Ferdinand |e author |9 412082 | |
| 245 | 1 | 3 | |a La nueva sociedad: anatomía del orden industrial |
| 250 | |a 3a. ed | ||
| 300 | |a 495 p | ||
| 942 | |c BK | ||
| 945 | |d 19980613 00:00:00 |a crobeson | ||
| 260 | |a Buenos Aires |b Sudamericana |c 1977 | ||
| 650 | 0 | |a Industrialización |9 263687 | |
| 650 | 0 | |a Desarrollo industrial |9 322675 | |
| 650 | 0 | |a Revolución industrial |9 309422 | |
| 650 | 0 | |a Crecimiento económico |9 314037 | |
| 650 | 7 | |a PLANIFICACION INDUSTRIAL |2 CL-VaPUC |9 331542 | |
| 650 | 0 | |a Política industrial |9 334157 | |
| 583 | |a last modification |c 20170921 04:51:56 |k Rodrigo Vera | ||
| 999 | |c 270679 |d 270677 | ||
| 952 | |0 0 |1 0 |4 0 |6 338_900000000000000_DRU_1977 |7 0 |8 A |9 305051 |a BIBENE |b BIBENE |d 2019-11-20 |i 1413929 |o 338.9 DRU 1977 |p 1413929 |r 2025-01-15 |w 2019-11-20 |y BK |k ICO | ||
| 952 | |0 0 |1 0 |4 0 |6 338_900000000000000_DRU_1977 |7 0 |8 P |9 305052 |a BIBEDU |b BIBEDU |c BIBEDU_PB |d 2019-11-20 |i 4155467 |o 338.9 DRU 1977 |p 4155467 |r 2024-01-25 |w 2019-11-20 |y BK |k EBA | ||
| 952 | |0 0 |1 0 |3 erb |4 0 |6 338_900000000000000_DRU_1977 |7 0 |8 X |9 305053 |a FDOBUD |b FDOBUD |i 5425832 |o 338.9 DRU 1977 |p 5425832 |r 2019-11-20 |w 2019-11-20 |y BK_X |z Catalogado en:20170922 |k BUD | ||